[Event "Khanty-Mansiysk Governor Cup-B 8th"]
[Site "Khanty-Mansiysk"]
[Date "2012.11.22"]
[Round "8"]
[White "Zhabagin, Majdan"]
[Black "Tolstykh, Nikolay"]
[Result "0-1"]
[WhiteElo "1759"]
[BlackElo "1786"]
[PlyCount "48"]
[EventDate "2012.11.15"]
[EventType "swiss"]
[EventRounds "9"]
[EventCountry "RUS"]
[SourceTitle "CBM 151 Extra"]
[Source "ChessBase"]
[SourceDate "2012.12.18"]
[SourceVersion "1"]
[SourceVersionDate "2012.12.18"]
[SourceQuality "1"]

1. e4 e5 2. Nf3 Nc6 3. c3 Nf6 4. d3 d5 5. exd5 Nxd5 6. Be2 h6 7. h3 Be6 8. a3
Be7 9. Bd2 Bg5 10. h4 Bxd2+ 11. Nbxd2 Nf4 12. O-O g5 13. h5 g4 14. Nh2 f5 15.
g3 Nh3+ 16. Kg2 Bd5+ 17. f3 Qg5 18. Ne4 fxe4 19. fxe4 Be6 20. Bxg4 Rg8 21. Qf3
Bxg4 22. Nxg4 Nf4+ 23. gxf4 Qh4 24. Rh1 Qxg4+ 0-1

[Event "corr RemoteSchachS7E easy-158"]
[Site "www.remoteschach.de"]
[Date "2012.11.21"]
[Round "?"]
[White "Tortoza, Carlos Alberto"]
[Black "Strohmeier, Josef"]
[Result "1-0"]
[WhiteElo "1589"]
[BlackElo "1861"]
[PlyCount "61"]
[EventDate "2012.??.??"]
[EventType "tourn (corr)"]
[SourceTitle "OM Corr 202003"]
[Source "Opening Master"]
[SourceDate "2019.05.30"]
[SourceVersion "2"]
[SourceVersionDate "2019.05.30"]
[SourceQuality "1"]

1. e4 e5 2. Nf3 Nc6 3. c3 Nf6 4. Qc2 d6 5. Bc4 Be7 6. d3 O-O 7. Bg5 h6 8. Bh4
Bg4 9. Qe2 Qd7 10. Nbd2 Na5 11. O-O Nxc4 12. Nxc4 g5 13. Bg3 Nh5 14. Ne3 Nxg3
15. fxg3 c6 16. c4 Qe6 17. h3 Bxf3 18. Rxf3 Bd8 19. Kh1 Kh7 20. Nf5 Bb6 21. g4
Rad8 22. Raf1 Bc7 23. Ng3 d5 24. Nf5 dxc4 25. dxc4 Rd7 26. b3 Bb6 27. b4 Bd4
28. Nxd4 Rxd4 29. a4 Rxc4 30. Rf6 Rxe4 31. Qxe4+ 1-0

[Event "Khanty-Mansiysk Governor Cup-B 8th"]
[Site "Khanty-Mansiysk"]
[Date "2012.11.20"]
[Round "5"]
[White "Zhabagin, Majdan"]
[Black "Bezgodova, Tatiana"]
[Result "1/2-1/2"]
[WhiteElo "1759"]
[BlackElo "1554"]
[PlyCount "68"]
[EventDate "2012.11.15"]
[EventType "swiss"]
[EventRounds "9"]
[EventCountry "RUS"]
[SourceTitle "CBM 151 Extra"]
[Source "ChessBase"]
[SourceDate "2012.12.18"]
[SourceVersion "1"]
[SourceVersionDate "2012.12.18"]
[SourceQuality "1"]

1. e4 e5 2. Nf3 Nc6 3. c3 Nf6 4. d3 Bc5 5. Be2 O-O 6. O-O d6 7. Bg5 h6 8. Bxf6
Qxf6 9. Nbd2 Be6 10. b4 Bb6 11. a4 a5 12. b5 Ne7 13. Nb3 Ng6 14. Rb1 Nf4 15.
Ne1 Nxe2+ 16. Qxe2 Rfe8 17. c4 Rad8 18. Kh1 Qg6 19. f3 f5 20. Nc2 f4 21. d4 Qf7
22. d5 Bd7 23. Qd2 Ra8 24. Rfd1 g5 25. Ne1 Be3 26. Qe2 Qh5 27. Nd2 g4 28. fxg4
Bxg4 29. Nef3 Bxd2 30. Rxd2 b6 31. Qf2 Bxf3 32. gxf3 Kh7 33. Rdd1 Rg8 34. Rg1
Rg5 1/2-1/2

[Event "Madrid San Viator op 19th"]
[Site "Madrid"]
[Date "2012.11.18"]
[Round "9"]
[White "Rodriguez Sanchez, Roberto"]
[Black "Bote Alvarez Carrasco, Valentin"]
[Result "0-1"]
[WhiteElo "1953"]
[BlackElo "2130"]
[PlyCount "94"]
[EventDate "2012.09.23"]
[EventType "swiss"]
[EventRounds "9"]
[EventCountry "ESP"]
[SourceTitle "EXT 2013"]
[Source "ChessBase"]
[SourceDate "2012.11.22"]
[SourceVersion "1"]
[SourceVersionDate "2012.11.22"]
[SourceQuality "1"]

1. e4 e5 2. Nf3 Nc6 3. c3 Nf6 4. Bb5 Nxe4 5. O-O Nd6 6. Bxc6 dxc6 7. Nxe5 Be7
8. d4 O-O 9. Nd2 Be6 10. Re1 Re8 11. b3 Bf8 12. Bb2 g6 13. c4 Bg7 14. Ndf3 Nf5
15. Qc2 f6 16. Nd3 b6 17. Nf4 Bf7 18. Rxe8+ Qxe8 19. Re1 Qd7 20. d5 Re8 21.
Rxe8+ Qxe8 22. dxc6 Qxc6 23. Qd3 Qe8 24. Nd5 Qd8 25. g4 Nd6 26. g5 Ne8 27. gxf6
Nxf6 28. Bxf6 Bxf6 29. Nxf6+ Qxf6 30. a4 Be6 31. Qe3 a5 32. Qe5 Qxe5 33. Nxe5
Bf5 34. Nf3 Be4 35. Nd2 Bc2 36. f4 Kf7 37. Kf2 Ke6 38. Ke3 Kf5 39. h3 c5 40.
Kf3 h6 41. Ke3 h5 42. Kf3 Bd1+ 43. Ke3 h4 44. Nf3 Bxb3 45. Nxh4+ Kf6 46. Kd3
Bxa4 47. Kc3 Bd7 0-1

[Event "HUN-chT2 Breyer 1213"]
[Site "Hungary"]
[Date "2012.11.18"]
[Round "4.5"]
[White "Sugar, Gabor"]
[Black "Papp, Gabor"]
[Result "1-0"]
[WhiteElo "2149"]
[BlackElo "2578"]
[PlyCount "55"]
[EventDate "2012.09.16"]
[EventType "team-tourn"]
[EventRounds "11"]
[EventCountry "HUN"]
[SourceTitle "EXT 2014"]
[Source "ChessBase"]
[SourceDate "2013.11.20"]
[SourceVersion "1"]
[SourceVersionDate "2013.11.20"]
[SourceQuality "1"]
[WhiteTeam "Biatorbagy"]
[BlackTeam "Szechenyi"]
[WhiteTeamCountry "HUN"]
[BlackTeamCountry "HUN"]

1. e4 e5 2. Nf3 Nc6 3. c3 d6 4. d4 exd4 5. cxd4 Bg4 6. Be2 Nf6 7. Nc3 Be7 8. d5
Nb8 9. Nd4 Bxe2 10. Qxe2 Nbd7 11. Nf5 O-O 12. O-O Qe8 13. Be3 Bd8 14. Bd4 a6
15. g4 Ne5 16. g5 Nfg4 17. f4 g6 18. fxe5 gxf5 19. exd6 cxd6 20. Rxf5 Ne5 21.
Raf1 Rc8 22. Qh5 Rc4 23. Bxe5 dxe5 24. R1f3 Rxc3 25. bxc3 Qa4 26. Rxf7 Bb6+ 27.
Kg2 Qc2+ 28. Kh3 1-0

[Event "CZE-chT2D 1213"]
[Site "Czechia"]
[Date "2012.11.18"]
[Round "3.4"]
[White "Petuchov, Sergej"]
[Black "Doring, Robert"]
[Result "0-1"]
[WhiteElo "2163"]
[BlackElo "2186"]
[PlyCount "88"]
[EventDate "2012.10.14"]
[EventType "team-tourn"]
[EventRounds "11"]
[EventCountry "CZE"]
[SourceTitle "EXT 2016"]
[Source "ChessBase"]
[SourceDate "2015.10.10"]
[SourceVersion "1"]
[SourceVersionDate "2015.10.10"]
[SourceQuality "1"]
[WhiteTeam "Pardubice Rapid II"]
[BlackTeam "Hradec Kralove II"]
[WhiteTeamCountry "CZE"]
[BlackTeamCountry "CZE"]

1. e4 e5 2. Nf3 Nc6 3. c3 Nf6 4. d4 Nxe4 5. Bd3 d5 6. dxe5 Bg4 7. Qe2 Nc5 8.
Bb5 Be7 9. O-O O-O 10. Nbd2 a6 11. Bxc6 bxc6 12. Qe3 f5 13. exf6 Rxf6 14. Nd4
Qd7 15. N2f3 Bxf3 16. Nxf3 Bd6 17. Re1 Ne4 18. Qe2 Raf8 19. Be3 Rxf3 20. gxf3
Qh3 21. f4 Ng5 22. f3 Nxf3+ 23. Kh1 Nxe1 24. Rxe1 Bxf4 25. Bxf4 Rxf4 26. Qe8+
Rf8 27. Qe6+ Qxe6 28. Rxe6 c5 29. Rc6 Rf1+ 30. Kg2 Rb1 31. Rxc5 Rxb2+ 32. Kg3
c6 33. Rxc6 Rxa2 34. Rc5 Rc2 35. Kf4 d4 36. Rc8+ Kf7 37. Rc7+ Kg6 38. Rc6+ Kf7
39. Rc7+ Kf6 40. Rc6+ Ke7 41. Rc7+ Kd6 42. Rxg7 dxc3 43. Rxh7 Rf2+ 44. Ke3 c2
0-1

[Event "SA-2012-0-00313"]
[Site "Lechenicher SchachServer"]
[Date "2012.11.18"]
[Round "?"]
[White "Torell, Harald"]
[Black "Morcin, Tom"]
[Result "1/2-1/2"]
[WhiteElo "2157"]
[BlackElo "2115"]
[PlyCount "70"]
[EventDate "2012.11.04"]
[SourceTitle "OM Corr 202003"]
[Source "Opening Master"]
[SourceDate "2019.05.30"]
[SourceVersion "2"]
[SourceVersionDate "2019.05.30"]
[SourceQuality "1"]

1. e4 e5 2. Nf3 Nc6 3. c3 d5 4. Qa4 f6 5. Bb5 Nge7 6. exd5 Qxd5 7. O-O e4 8. c4
Qd6 9. c5 Qxc5 10. d4 Qf5 11. Nh4 Qh5 12. Nc3 Bd7 13. Re1 O-O-O 14. Rxe4 f5 15.
Be2 Qf7 16. Re3 Kb8 17. Nf3 h6 18. Bd2 f4 19. Re4 g5 20. Re1 Bg7 21. Bc4 Qf6
22. Nb5 a6 23. Nxc7 Kxc7 24. d5 Qxb2 25. dxc6 Nxc6 26. Bd3 Ne5 27. Qa5+ b6 28.
Qxa6 Ra8 29. Nxe5 Rxa6 30. Rc4+ Kd6 31. Bb4+ Kd5 32. Bc3 Qxc3 33. Rxc3 Bxe5 34.
Bc4+ Kc6 35. Rxe5 Ra5 1/2-1/2

[Event "Novosibirsk Siberian Bank Cup"]
[Site "Novosibirsk"]
[Date "2012.11.17"]
[Round "2"]
[White "Nepomniachtchi, Ian"]
[Black "Jakovenko, Dmitrij"]
[Result "0-1"]
[WhiteElo "2707"]
[BlackElo "2741"]
[PlyCount "136"]
[EventDate "2012.11.17"]
[EventType "tourn (rapid)"]
[EventRounds "11"]
[EventCountry "RUS"]
[SourceTitle "EXT 2013"]
[Source "ChessBase"]
[SourceDate "2012.11.22"]
[SourceVersion "1"]
[SourceVersionDate "2012.11.22"]
[SourceQuality "1"]

1. e4 e5 2. Nf3 Nc6 3. c3 d5 4. Qa4 f6 5. d3 Be6 6. Nbd2 Bd6 7. Be2 Nge7 8. O-O
O-O 9. Rd1 Qe8 10. Qb3 a6 11. d4 Kh8 12. c4 dxc4 13. Bxc4 Na5 14. Qc2 Nxc4 15.
Nxc4 Bg4 16. Qe2 Nc6 17. Be3 f5 18. dxe5 fxe4 19. exd6 exf3 20. Qd3 Bf5 21. Qd5
Qg6 22. Qxf3 Bg4 23. Qg3 Bxd1 24. Qxg6 hxg6 25. Rxd1 cxd6 26. h3 Rf6 27. Bg5
Re6 28. Nxd6 b5 29. Be3 Kg8 30. Nb7 Ne5 31. b3 Rc8 32. Nc5 Rec6 33. Rd5 Nf7 34.
a4 bxa4 35. Nxa4 Rb8 36. Rd3 Rd8 37. Rxd8+ Nxd8 38. Kf1 Rc2 39. Nc5 Ra2 40. Ke1
Nc6 41. Kd1 Nb4 42. Kc1 Kf7 43. Bd4 Nc6 44. Bb2 Ra5 45. Ne4 Rd5 46. Bc3 Nd8 47.
g3 g5 48. Kc2 Ne6 49. b4 Kg6 50. Nd2 Nd4+ 51. Bxd4 Rxd4 52. Kc3 Rd8 53. Ne4 Kf5
54. Nc5 Rd6 55. Kb3 Ke5 56. Kc4 Rh6 57. Kd3 Kd5 58. Ne4 Rb6 59. Nc3+ Ke5 60.
f4+ gxf4 61. gxf4+ Kf5 62. Nd5 Rh6 63. Kd4 Rxh3 64. Nc7 Rh6 65. Ke3 Rb6 66. Nd5
Rb5 67. Ne7+ Kf6 68. Nc6 Rb6 0-1

[Event "Wch U10 Girls"]
[Site "Maribor"]
[Date "2012.11.15"]
[Round "8.11"]
[White "Mishra, Anwesha"]
[Black "Solozhenkina, Elizaveta"]
[Result "1-0"]
[WhiteElo "1561"]
[BlackElo "1748"]
[PlyCount "129"]
[EventDate "2012.11.08"]
[EventType "swiss"]
[EventRounds "11"]
[EventCountry "SLO"]
[SourceTitle "EXT 2013"]
[Source "ChessBase"]
[SourceDate "2012.11.22"]
[SourceVersion "1"]
[SourceVersionDate "2012.11.22"]
[SourceQuality "1"]

1. e4 e5 2. Nf3 Nc6 3. c3 Nf6 4. d4 Nxe4 5. d5 Ne7 6. Nxe5 Ng6 7. Nxg6 hxg6 8.
Qe2 Qe7 9. Nd2 Nf6 10. c4 c6 11. Qxe7+ Bxe7 12. dxc6 dxc6 13. Bd3 Bd6 14. h3
Bd7 15. Nf3 O-O-O 16. Be3 Rhe8 17. O-O-O Bc7 18. Rhe1 b6 19. b4 Kb7 20. a3 Bc8
21. Ng5 Re7 22. Bc2 Nd7 23. Ne4 Re6 24. a4 a6 25. Bd4 Rde8 26. Bc3 Ne5 27. c5
b5 28. Bb3 Nd3+ 29. Rxd3 Rxe4 30. Rxe4 Rxe4 31. axb5 axb5 32. Bxf7 Re2 33. Bxg6
Rxf2 34. g4 Bf4+ 35. Kd1 Be6 36. Bxg7 Bc4 37. Rd7+ Ka6 38. Bf8 Bb3+ 39. Ke1 Bg3
40. Bd6 Bh4 41. Rh7 Rf6+ 42. Rxh4 Rxg6 43. Rh7 Rg8 44. Kf2 Bd5 45. Kg3 Be6 46.
Re7 Bf5 47. Rc7 Be4 48. h4 Bd5 49. g5 Be4 50. Kg4 Bd5 51. h5 Be6+ 52. Kh4 Bd5
53. g6 Be4 54. Kg5 Bf3 55. h6 Be4 56. g7 Bh7 57. Rxc6+ Ka7 58. Rc7+ Ka6 59. Kf6
Bd3 60. Rf7 Bh7 61. Rf8 Kb7 62. Rxg8 Bxg8 63. Kg6 Kc6 64. h7 Bxh7+ 65. Kxh7 1-0

[Event "Wch Seniors 22nd"]
[Site "Kamena Vourla"]
[Date "2012.11.14"]
[Round "2"]
[White "Rahmani, Behrouz"]
[Black "Krstic, Slobodan1"]
[Result "0-1"]
[WhiteElo "1727"]
[BlackElo "2004"]
[PlyCount "90"]
[EventDate "2012.11.13"]
[EventType "swiss"]
[EventRounds "11"]
[EventCountry "GRE"]
[SourceTitle "CBM 151 Extra"]
[Source "ChessBase"]
[SourceDate "2012.12.18"]
[SourceVersion "1"]
[SourceVersionDate "2012.12.18"]
[SourceQuality "1"]

1. e4 e5 2. Nf3 Nc6 3. c3 d5 4. exd5 Qxd5 5. d3 Bf5 6. Nh4 Be6 7. Be3 O-O-O 8.
Nd2 f5 9. Nc4 Nf6 10. Qa4 Kb8 11. O-O-O f4 12. Bd2 Ka8 13. Nf3 b5 14. Qc2 bxc4
15. dxc4 Qe4 16. Qa4 Nb8 17. Re1 Qb7 18. Rxe5 Bd7 19. Qc2 Bd6 20. Re2 Rhe8 21.
b4 c5 22. b5 g6 23. a4 Bf5 24. Qb3 a5 25. Kb2 Nbd7 26. Rg1 Nb6 27. Ne1 Ka7 28.
f3 Be6 29. Rf2 Qf7 30. g4 g5 31. Bd3 Bc7 32. Re2 Bxc4 33. Rxe8 Bxb3 34. Rxd8
Bxd8 35. c4 Bxc4 36. Bf5 Nxa4+ 37. Ka3 Bxb5 38. Nc2 Nb6 39. Kb2 Nc4+ 40. Kc1
Nxd2 41. Kxd2 a4 42. Rb1 Qc4 43. Re1 Ba5+ 44. Kd1 Bxe1 45. Kxe1 Qe2# 0-1

[Event "Wch U18"]
[Site "Maribor"]
[Date "2012.11.12"]
[Round "6.51"]
[White "Lucovnik, Tilen"]
[Black "Gjika, Gent"]
[Result "1-0"]
[WhiteElo "1883"]
[BlackElo "1563"]
[PlyCount "77"]
[EventDate "2012.11.08"]
[EventType "swiss"]
[EventRounds "11"]
[EventCountry "SLO"]
[SourceTitle "EXT 2013"]
[Source "ChessBase"]
[SourceDate "2012.11.22"]
[SourceVersion "1"]
[SourceVersionDate "2012.11.22"]
[SourceQuality "1"]

1. e4 e5 2. Nf3 Nc6 3. c3 d5 4. Qa4 dxe4 5. Nxe5 Qd5 6. Nxc6 bxc6 7. Bc4 Qd7 8.
O-O Nf6 9. d3 exd3 10. Bxd3 Be7 11. Rd1 Bd6 12. Bf5 Qxf5 13. Qxc6+ Kf8 14. Qxa8
Bxh2+ 15. Kf1 Qb5+ 16. Ke1 Qe8+ 17. Be3 a6 18. Qa7 Bd6 19. Qd4 Qe4 20. Qxe4
Nxe4 21. Nd2 Nxd2 22. Rxd2 Bb7 23. Bc5 Ke7 24. Bxd6+ cxd6 25. f3 h5 26. Kf2 Rh6
27. Re1+ Re6 28. Rxe6+ fxe6 29. g3 e5 30. Ke3 Ke6 31. Rh2 g6 32. Rh4 Bc6 33.
Rb4 a5 34. Rb6 Bd7 35. c4 Ke7 36. c5 dxc5 37. Rxg6 Be6 38. a3 a4 39. Rg5 1-0

[Event "ZN-2012-0-02103"]
[Site "Lechenicher SchachServer"]
[Date "2012.11.12"]
[Round "?"]
[White "Hendershot, Paul"]
[Black "Huseby, Juan Carlos"]
[Result "1-0"]
[WhiteElo "549"]
[BlackElo "534"]
[PlyCount "125"]
[EventDate "2012.11.06"]

1. e4 e5 2. Nf3 Nc6 3. c3 Bc5 4. d3 d6 5. Qb3 Be6 6. Qxb7 Bd7 7. Qb3 Rb8 8. Qd5
f6 9. Be2 Nge7 10. Qc4 Ng6 11. O-O Nf4 12. Re1 a5 13. Bxf4 Rxb2 14. Bc1 Rc2 15.
Bd2 Qb8 16. Qa4 Rb2 17. Bc1 Rxb1 18. Rxb1 Qxb1 19. Nd2 Qb8 20. Nc4 O-O 21. Qd1
f5 22. exf5 Rxf5 23. Be3 Bxe3 24. Nxe3 Rg5 25. Qb3+ Qxb3 26. axb3 Ne7 27. Ra1
Nf5 28. Nxf5 Bxf5 29. Rxa5 h5 30. d4 Kh7 31. Ra7 exd4 32. cxd4 c6 33. Ra6 Bc2
34. b4 Rd5 35. Rxc6 Rxd4 36. Rxc2 Rxb4 37. h3 Rb1+ 38. Kh2 Re1 39. Bd3+ Kh6 40.
Rc6 Re6 41. Bc4 Rf6 42. f3 g6 43. Bd3 Kg5 44. Rc4 d5 45. h4+ Kh6 46. Rd4 Rd6
47. g4 g5 48. gxh5 Kxh5 49. hxg5 Rd8 50. f4 Kg4 51. g6 Rh8+ 52. Kg2 Rg8 53. f5+
Kg5 54. Rxd5 Kh6 55. f6 Rxg6+ 56. Bxg6 Kxg6 57. Rf5 Kf7 58. Kg3 Kf8 59. Kg4 Kf7
60. Kg5 Kg8 61. Kg6 Kh8 62. Re5 Kg8 63. Re8# 1-0

[Event "RN-2012-0-00558"]
[Site "Lechenicher SchachServer"]
[Date "2012.11.11"]
[Round "?"]
[White "Linart, Jakub"]
[Black "Ventura, Bob"]
[Result "0-1"]
[WhiteElo "491"]
[BlackElo "724"]
[PlyCount "62"]
[EventDate "2012.11.03"]

1. e4 e5 2. Nf3 Nc6 3. c3 a6 4. d4 exd4 5. cxd4 d5 6. e5 h6 7. Be2 Bf5 8. Nc3
Bb4 9. a3 Ba5 10. b4 Bb6 11. Be3 Nge7 12. Na4 Ba7 13. O-O O-O 14. Nh4 Bh7 15.
b5 axb5 16. Bxb5 f6 17. Nc5 Bxc5 18. dxc5 fxe5 19. a4 d4 20. Bc1 Nd5 21. Bc4
Kh8 22. Nf3 Nc3 23. Qe1 e4 24. Nd2 Nb4 25. Bb3 Re8 26. Nc4 Nd3 27. Qd2 Ra6 28.
Bc2 Rae6 29. Bxd3 exd3 30. Na5 Re2 31. Qxd3 Bxd3 0-1

[Event "Wch U14"]
[Site "Maribor"]
[Date "2012.11.09"]
[Round "2.8"]
[White "Karthikeyan, Murali"]
[Black "Plenca, Jadranko"]
[Result "1/2-1/2"]
[WhiteElo "2299"]
[BlackElo "2072"]
[PlyCount "76"]
[EventDate "2012.11.08"]
[EventType "swiss"]
[EventRounds "11"]
[EventCountry "SLO"]
[SourceTitle "EXT 2013"]
[Source "ChessBase"]
[SourceDate "2012.11.22"]
[SourceVersion "1"]
[SourceVersionDate "2012.11.22"]
[SourceQuality "1"]

1. e4 e5 2. Nf3 Nc6 3. c3 d5 4. Qa4 f6 5. Bb5 Nge7 6. exd5 Qxd5 7. O-O e4 8.
Nd4 Bd7 9. Nxc6 Nxc6 10. Re1 O-O-O 11. Na3 f5 12. Qb3 Qxb3 13. axb3 Na5 14.
Bxd7+ Rxd7 15. b4 Nb3 16. Ra2 a6 17. Nc4 Kb8 18. d4 Nxc1 19. Rxc1 c6 20. Re1
Bd6 21. b3 Bc7 22. f3 exf3 23. gxf3 g5 24. Rg2 Rg8 25. Re6 Bf4 26. Ne5 Bxe5 27.
Rxe5 Rf7 28. Rge2 Rgg7 29. Re8+ Ka7 30. Kf2 f4 31. R2e5 g4 32. fxg4 Rxg4 33.
R8e7 Rxe7 34. Rxe7 Rh4 35. Kg2 h6 36. Rf7 Rg4+ 37. Kf2 Rh4 38. Kg2 Rg4+ 1/2-1/2

[Event "corr RemoteSchachS7E pro-158"]
[Site "www.remoteschach.de"]
[Date "2012.11.09"]
[Round "?"]
[White "Kirwald, Franz"]
[Black "Teske, Heike"]
[Result "1/2-1/2"]
[WhiteElo "2360"]
[BlackElo "2244"]
[PlyCount "75"]
[EventDate "2012.??.??"]
[EventType "tourn (corr)"]
[SourceTitle "OM Corr 202003"]
[Source "Opening Master"]
[SourceDate "2019.05.30"]
[SourceVersion "2"]
[SourceVersionDate "2019.05.30"]
[SourceQuality "1"]

1. e4 e5 2. Nf3 Nc6 3. c3 d5 4. Qa4 Bd7 5. exd5 Nd4 6. Qd1 Nxf3+ 7. Qxf3 Nf6 8.
Bc4 e4 9. Qe2 Bd6 10. d4 O-O 11. Bg5 Re8 12. O-O h6 13. Bh4 g5 14. Bg3 Bxg3 15.
fxg3 Bg4 16. Qc2 Nxd5 17. Na3 c6 18. Rae1 b5 19. Bb3 e3 20. c4 e2 21. Rxf7 Kxf7
22. Qh7+ Kf8 23. Qxh6+ Kg8 24. Qg6+ Kh8 25. cxd5 cxd5 26. Bc2 Qe7 27. h3 Bd7
28. Qh6+ Kg8 29. Bb3 Rad8 30. Bxd5+ Be6 31. Bc6 Bd7 32. Nxb5 Qe3+ 33. Kh2 Bxc6
34. Qxc6 Qf2 35. Qg6+ Kh8 36. Nd6 Re7 37. Nf5 Rg8 38. Qh6+ 1/2-1/2

[Event "Wch U16"]
[Site "Maribor"]
[Date "2012.11.08"]
[Round "1.42"]
[White "Thorpe, Thomas"]
[Black "Koksal, Ege"]
[Result "0-1"]
[WhiteElo "1853"]
[BlackElo "2182"]
[PlyCount "76"]
[EventDate "2012.11.08"]
[EventType "swiss"]
[EventRounds "11"]
[EventCountry "SLO"]
[SourceTitle "EXT 2013"]
[Source "ChessBase"]
[SourceDate "2012.11.22"]
[SourceVersion "1"]
[SourceVersionDate "2012.11.22"]
[SourceQuality "1"]

1. e4 e5 2. Nf3 Nc6 3. c3 Nf6 4. d4 exd4 5. e5 Nd5 6. cxd4 d6 7. Bb5 Be7 8. O-O
O-O 9. Re1 Be6 10. Nc3 Qd7 11. Bg5 Rfe8 12. Bxe7 Rxe7 13. Rc1 a6 14. Ba4 Nxc3
15. Rxc3 Bd5 16. Rce3 Rae8 17. exd6 cxd6 18. Bb3 Rxe3 19. Rxe3 Rxe3 20. fxe3
Qe6 21. Bxd5 Qxd5 22. b3 Qe4 23. Qd2 h6 24. Kf2 Ne7 25. Ne1 Nd5 26. Qd3 Qh4+
27. Ke2 Qxh2 28. Qc4 Qh5+ 29. Nf3 Qf5 30. Nd2 Qg5 31. Qc8+ Kh7 32. Qh3 Nc3+ 33.
Kd3 Nxa2 34. Nf3 Nb4+ 35. Kc3 Nd5+ 36. Kd3 Qg6+ 37. Ke2 Nc3+ 38. Ke1 Qd3 0-1

[Event "M1-2012.T066.01"]
[Site "IECC"]
[Date "2012.11.04"]
[Round "?"]
[White "Martin, Dennis"]
[Black "Sorcinelli, Andrea"]
[Result "1-0"]
[WhiteElo "1664"]
[BlackElo "1665"]
[PlyCount "51"]
[EventDate "2012.??.??"]
[SourceTitle "OM Corr 202003"]
[Source "Opening Master"]
[SourceDate "2019.05.30"]
[SourceVersion "2"]
[SourceVersionDate "2019.05.30"]
[SourceQuality "1"]
[WhiteTeam "ŃŘŔ"]
[BlackTeam "Čňŕëč˙"]
[WhiteTeamCountry "USA"]
[BlackTeamCountry "ITA"]

1. e4 e5 2. Nf3 Nc6 3. c3 d6 4. d4 exd4 5. cxd4 Be7 6. Bb5 Bd7 7. O-O Nf6 8.
Re1 O-O 9. Nc3 a6 10. Bc4 b5 11. Bb3 Bg4 12. a3 Bxf3 13. Qxf3 Nxd4 14. Qd1 Nxb3
15. Qxb3 c5 16. Bf4 Qb6 17. Rad1 Rad8 18. Qc2 Qb7 19. Nd5 Nxd5 20. Rxd5 h6 21.
Red1 c4 22. f3 Rd7 23. Qf2 Rfd8 24. Qg3 Bf6 25. R1d2 Qb6+ 26. Kf1 1-0

[Event "Cerdanyola del Valles op 30th"]
[Site "Cerdanyola del Valles"]
[Date "2012.11.03"]
[Round "5"]
[White "Martinez Arca, Manuel"]
[Black "Vazquez Gamero, Miguel"]
[Result "0-1"]
[WhiteElo "1870"]
[BlackElo "2075"]
[PlyCount "38"]
[EventDate "2012.09.29"]
[EventType "swiss"]
[EventRounds "8"]
[EventCountry "ESP"]
[SourceTitle "EXT 2014"]
[Source "ChessBase"]
[SourceDate "2013.11.20"]
[SourceVersion "1"]
[SourceVersionDate "2013.11.20"]
[SourceQuality "1"]

1. e4 e5 2. Nf3 Nc6 3. c3 d5 4. Qa4 f6 5. Bb5 Nge7 6. exd5 Qxd5 7. O-O e4 8.
Nd4 Bd7 9. Nxc6 Nxc6 10. d3 exd3 11. Bf4 O-O-O 12. Rd1 a6 13. Bc4 Qe4 14. Bb5
Qd5 15. Bc4 Nd4 16. cxd4 Bxa4 17. Bxd5 Bxd1 18. Be6+ Kb8 19. Nc3 Bc2 0-1

[Event "VI Obert d'escacs Santa Eulalia de RonÃ"]
[Site "Santa Eulalia de Ronçana"]
[Date "2012.11.03"]
[Round "4.19"]
[White "Martinez Perez, Sergio"]
[Black "Puig Argiles, Jaume"]
[Result "1-0"]
[WhiteElo "1329"]
[BlackElo "1615"]
[PlyCount "123"]
[EventDate "2012.10.06"]
[EventRounds "8"]
[EventCountry "ESP"]
[SourceTitle "OM OTB B 201907"]
[Source "Opening Master"]
[SourceDate "2019.07.06"]
[SourceVersion "2"]
[SourceVersionDate "2019.07.06"]
[SourceQuality "1"]

1. e4 e5 2. Nf3 Nc6 3. c3 Nf6 4. d4 exd4 5. cxd4 Bb4+ 6. Bd2 Bxd2+ 7. Nbxd2
Nxd4 8. Nxd4 d6 9. Bd3 O-O 10. O-O Bd7 11. N2f3 Ng4 12. h3 Ne5 13. Nxe5 dxe5
14. Nf3 Qf6 15. Bc4 Rad8 16. Qb3 Bc6 17. Rfe1 a6 18. Qc3 b5 19. Bb3 Rfe8 20.
Rac1 Rd6 21. Qe3 a5 22. Ng5 Re7 23. Nf3 a4 24. Bc2 h6 25. Rcd1 Bd7 26. Rd2 Be6
27. b3 a3 28. Red1 Rc6 29. Bd3 Rb6 30. Qc5 Re8 31. Bxb5 Reb8 32. Bc4 Bxh3 33.
gxh3 Qxf3 34. Qxe5 Rg6+ 35. Kf1 Qxh3+ 36. Ke2 Qg4+ 37. Kd3 Rd8+ 38. Kc2 Rxd2+
39. Rxd2 Qf3 40. Qd4 Rd6 41. Qe3 Rxd2+ 42. Kxd2 Qh1 43. Qe1 Qh4 44. f3 Qf4+ 45.
Qe3 Qd6+ 46. Bd3 Qe5 47. Ke2 Qb2+ 48. Qd2 Qe5 49. Bc4 Qh2+ 50. Ke3 Qg1+ 51. Kd3
Qa1 52. Ke3 Qg1+ 53. Kd3 Qa1 54. Ke2 Qh1 55. Qd8+ Kh7 56. Bxf7 Qg2+ 57. Ke3
Qg1+ 58. Kf4 g5+ 59. Kf5 Qc5+ 60. Kf6 Qd6+ 61. Qxd6 cxd6 62. Bh5 1-0

[Event "Steyr Landesliga 1213"]
[Site "Austria"]
[Date "2012.11.03"]
[Round "3.5"]
[White "Pirker, Christian"]
[Black "Kiss, Balint"]
[Result "1-0"]
[WhiteElo "2180"]
[BlackElo "1862"]
[PlyCount "67"]
[EventDate "2012.09.22"]
[EventType "team-tourn"]
[EventRounds "11"]
[EventCountry "AUT"]
[SourceTitle "EXT 2014"]
[Source "ChessBase"]
[SourceDate "2013.11.20"]
[SourceVersion "1"]
[SourceVersionDate "2013.11.20"]
[SourceQuality "1"]
[WhiteTeam "Graz Styria"]
[BlackTeam "Hartberg"]
[WhiteTeamCountry "AUT"]
[BlackTeamCountry "AUT"]

1. e4 e5 2. Nf3 Nc6 3. c3 d5 4. Qa4 Bd7 5. exd5 Nb4 6. Qb3 e4 7. Ne5 Qe7 8.
Qxb4 Qxe5 9. Qxb7 Rd8 10. Na3 Bxa3 11. bxa3 Nf6 12. Qxa7 O-O 13. Qd4 Qf5 14. c4
c6 15. Bb2 Rfe8 16. Be2 cxd5 17. c5 Qg6 18. g4 Ra8 19. Bd1 Bb5 20. Rc1 Rad8 21.
c6 Rc8 22. h3 Rxc6 23. Rxc6 Bxc6 24. Ba4 Bxa4 25. Qxa4 Rb8 26. Bxf6 Qxf6 27.
O-O h5 28. Qa7 Re8 29. Qe3 hxg4 30. hxg4 d4 31. Qg3 Re5 32. Rb1 g6 33. Rb8+ Kg7
34. Qh3 1-0

[Event "Chigorin Memorial 20th"]
[Site "St Petersburg"]
[Date "2012.11.02"]
[Round "7"]
[White "Klevets, Ksenia"]
[Black "Semenova, Irina"]
[Result "0-1"]
[WhiteElo "1861"]
[BlackElo "2216"]
[PlyCount "64"]
[EventDate "2012.10.27"]
[EventType "swiss"]
[EventRounds "9"]
[EventCountry "RUS"]
[SourceTitle "EXT 2013"]
[Source "ChessBase"]
[SourceDate "2012.11.22"]
[SourceVersion "1"]
[SourceVersionDate "2012.11.22"]
[SourceQuality "1"]

1. e4 e5 2. Nf3 Nc6 3. c3 Nf6 4. d4 Nxe4 5. d5 Ne7 6. Nxe5 Ng6 7. Qf3 Nf6 8.
Nxg6 hxg6 9. Be2 d6 10. O-O Be7 11. h3 Bf5 12. Nd2 a6 13. c4 Kf8 14. g4 Bc8 15.
Qg3 Nd7 16. f4 Bf6 17. Ne4 Bd4+ 18. Be3 Bxe3+ 19. Qxe3 Qh4 20. Kg2 Nf6 21. Ng5
Bd7 22. Rh1 Re8 23. Qd3 Nh7 24. Nf3 Qf6 25. Kg3 g5 26. f5 g6 27. fxg6 Qf4+ 28.
Kg2 Re3 29. Qc2 Nf6 30. Qd1 Ne4 31. Qe1 Bxg4 32. hxg4 Qxg4+ 0-1